000 00332nam a2200121Ia 4500
008 240731s9999 xx 000 0 und d
022 _a2204-0293
245 0 _aTransactions of the Royal Society of South Australia
260 _bTaylor & Francis
856 _uhttps://www.tandfonline.com/loi/trss20
942 _2ddc
942 _cTFEJ
999 _c80181
_d80181
945 _a1
_bMadushi Gamage
_c1
_dMadushi Gamage